| 000 | 00689nam a2200205 a 4500 | ||
|---|---|---|---|
| 005 | 20221129063725.0 | ||
| 008 | 070323s2005 mx r 000 0 spa d | ||
| 020 | _a8430943307 | ||
| 035 | _aUPN01000149962 | ||
| 049 | _aCG | ||
| 050 | 4 |
_aH61 _bC3.6 |
|
| 100 | 1 | _aCastro Nogueira, Luis | |
| 245 | 1 | 0 |
_aMetodología de las ciencias sociales : _buna introducción crítica / _cLuis Castro Nogueira, Miguel Angel Castro Nogueira, Julián Morales Navarro. |
| 260 |
_aMadrid : _bTecnos, _c2005. |
||
| 300 | _a863 p. | ||
| 650 | 4 |
_aCiencias sociales _xMetodología _96208 |
|
| 700 | 1 |
_aCastro Nogueira, Miguel Angel, _ecoaut. |
|
| 700 | 1 |
_aMorales Navarro, Julián, _ecoaut. |
|
| 905 | _aLibro | ||
| 999 |
_c122103 _d122103 |
||